| Tag |
First Indicator |
Second Indicator |
Subfields |
| LEADER |
00000cjm a2200000Ia 4500 |
| 001 |
in00003441236 |
| 005 |
20151206102839.0 |
| 007 |
sd fzngnn|||ed |
| 008 |
080404s2007 no uunn dez n nor d |
| 028 |
0 |
2 |
|a ACD 5056
|b Aurora
|
| 035 |
|
|
|a (OCoLC)ocn219649911
|
| 035 |
|
|
|a (OCoLC)219649911
|
| 040 |
|
|
|a BUF
|c BUF
|d OCLCF
|d UWO
|d UtOrBLW
|
| 041 |
0 |
|
|d nor
|g eng
|g nor
|
| 049 |
|
|
|a TXAM
|
| 050 |
|
4 |
|a M1473.B377
|
| 090 |
|
|
|a M1473.B37
|b T73 2007
|
| 100 |
1 |
|
|a Barrett, Natasha.
|
| 245 |
1 |
0 |
|a Trade winds /
|c Natasha Barrett.
|
| 264 |
|
1 |
|a [Norway] :
|b Aurora,
|c 2007.
|
| 300 |
|
|
|a 1 sound disc (52 min., 12 sec.) :
|b digital, SACD ;
|c 4 3/4 in.
|
| 306 |
|
|
|a 005212
|
| 336 |
|
|
|a performed music
|b prm
|2 rdacontent
|
| 337 |
|
|
|a audio
|b s
|2 rdamedia
|
| 338 |
|
|
|a audio disc
|b sd
|2 rdacarrier
|
| 511 |
0 |
|
|a Natasha Barrett, electronics ; Jon Warhuus, narrator ; Jane Manning, vocals.
|
| 546 |
|
|
|a Includes spoken narrative in Norwegian and vocalises.
|
| 500 |
|
|
|a Super audio compact disc.
|
| 500 |
|
|
|a Program notes and biographical notes on the composer in Norwegian and English, and English translation of spoken narrative (15 pages : ill., port.) inserted in container.
|
| 500 |
|
|
|a "A composition unleashing the musical potential of recordings from the 100-year-old sailing ship Dyrafjeld, from above and within harbour, shore and open oceans around the world, and an interview from a retired Norwegian captain."--Insert.
|
| 500 |
|
|
|a Sound recording.
|
| 650 |
|
0 |
|a Electronic music.
|
| 650 |
|
0 |
|a Computer music.
|
| 650 |
|
0 |
|a Monologues with music (Electronics)
|
| 650 |
|
0 |
|a Musique concrète.
|
| 650 |
|
7 |
|a Computer music.
|2 fast
|0 (OCoLC)fst00872274
|
| 650 |
|
7 |
|a Electronic music.
|2 fast
|0 (OCoLC)fst00907363
|
| 650 |
|
7 |
|a Monologues with music (Electronics)
|2 fast
|0 (OCoLC)fst01025614
|
| 650 |
|
7 |
|a Musique concrète.
|2 fast
|0 (OCoLC)fst01030904
|
| 650 |
|
7 |
|a Vocalises (High voice) with electronics.
|2 fast
|0 (OCoLC)fst01197820
|
| 700 |
1 |
|
|a Warhuus, Jon,
|e narrator.
|
| 700 |
1 |
|
|a Manning, Jane,
|e singer.
|
| 994 |
|
|
|a C0
|b TXA
|
| 948 |
|
|
|a cataloged
|b h
|c 2014/8/26
|d c
|e blrosas
|f 12:56:41 pm
|
| 999 |
|
|
|a MARS
|
| 999 |
f |
f |
|s f299a7d7-120a-35fb-a09b-7bffa6e02034
|i 7dc6a211-76e3-33a0-95f3-8de4e924ccc8
|t 0
|
| 952 |
f |
f |
|p ric
|a Texas A&M University
|b Rellis Campus
|c Joint Library Facility
|d Remote Storage
|t 0
|e M1473.B37 T73 2007
|h Library of Congress classification
|i audio -- audio disc
|m A14842742182
|
| 998 |
f |
f |
|a M1473.B37 T73 2007
|t 0
|l Remote Storage
|